| 000 | 01051cam a2200313Ma 4500 | ||
|---|---|---|---|
| 001 | 92774 | ||
| 005 | 20230411090050.0 | ||
| 008 | 050301s2005 ncu b 001 0 eng | ||
| 010 | _a 2004018078 | ||
| 035 | _a(OCoLC)ocn183926027 | ||
| 040 |
_aDLC _cZCL _dOCLCG _dAU@ |
||
| 020 | _a0890892431 (alk. paper) | ||
| 020 | _a9780890892435 (alk. paper) | ||
| 029 | 1 |
_aAU@ _b000026103993 |
|
| 035 | _a(OCoLC)183926027 | ||
| 043 | _ae------ | ||
| 082 | 0 | 0 |
_a340/.115/094309043 _222 |
| 049 | _aGRAL | ||
| 100 | 1 |
_aFraser, David, _d1953- |
|
| 245 | 1 | 0 |
_aLaw after Auschwitz : _btowards a jurisprudence of the Holocaust / _cDavid Fraser. |
| 260 |
_aDurham, N.C. : _bCarolina Academic Press, _cc2005. |
||
| 300 |
_axi, 451 p. ; _c24 cm. |
||
| 504 | _aIncludes bibliographical references and index. | ||
| 650 | 0 |
_aGenocide _zEurope _xHistory. |
|
| 650 | 0 | _aHolocaust, Jewish (1939-1945) | |
| 856 | 4 | 8 |
_3Table of contents: _uhttp://www.loc.gov/catdir/toc/ecip0421/2004018078.html _zAccess via World-Wide Web. |
| 942 |
_2lcc _cbk |
||
| 994 |
_aC0 _bDRFGD |
||
| 999 |
_c111871 _d111871 |
||